Catálogo público

Organización y lucha de los productores de tabaco del estado de Nayarit (Record no. 74501)

MARC details
000 -CABECERA
campo de control de longitud fija 01101cam a22003257a 4500
003 - IDENTIFICADOR DEL NÚMERO DE CONTROL
campo de control CHAP
005 - FECHA Y HORA DE LA ÚLTIMA TRANSACCIÓN
campo de control 20250523113050.0
008 - DATOS DE LONGITUD FIJA--INFORMACIÓN GENERAL
campo de control de longitud fija 980325d1985 mx r 00110 spa d
010 ## - NÚMERO DE CONTROL DE LA BIBLIOTECA DEL CONGRESO
Número de control de LC 74501
011 ## - ENLACE DEL NUMERO DE CONTROL DE LA BIBLIOTECA DEL CONGRESO [OBSOLETO]
Número de control de LC 75473
035 ## - NÚMERO DE CONTROL DEL SISTEMA
Número de control de sistema 85037
040 ## - FUENTE DE LA CATALOGACIÓN
Centro/agencia transcriptor CHAP
090 ## - LOCALMENTE ASIGNADO TIPO-LC NÚMERO DE CLASIFICACIÓN (OCLC); NÚMERO DE CLASIFICACIÓN LOCAL (RLIN)
Número de clasificación (OCLC) (R) ; Numero de clasificación, CALL (RLIN) (NR) Tesis
100 10 - ENTRADA PRINCIPAL--NOMBRE DE PERSONA
Nombre de persona Rodríguez Canto, Adolfo
9 (RLIN) 98359
245 10 - MENCIÓN DE TÍTULO
Título Organización y lucha de los productores de tabaco del estado de Nayarit
Mención de responsabilidad, etc. /por Adolfo Rodríguez Canto
260 ## - PUBLICACIÓN, DISTRIBUCIÓN, ETC.
Lugar de publicación, distribución, etc. Chapingo, Méx. :
Nombre del editor, distribuidor, etc. El autor,
Fecha de publicación, distribución, etc. 1985.
300 ## - DESCRIPCIÓN FÍSICA
Extensión 169 h. :
Otras características físicas mapa ; gráfs.
502 ## - NOTA DE TESIS
Nota de tesis Tesis (Ing. Agr. Esp. en Sociología Rural) -- UACH. Departamento de Sociología Rural
590 ## - NOTA LOCAL (RLIN)
Nota local ALEPH
Procedencia (VM) [OBSOLETO] 10
Condición del los carretes individuales (VM) [OBSOLETO] 20130110
-- UCH01
-- 1419
590 ## - NOTA LOCAL (RLIN)
Nota local BATCH-UPD
Procedencia (VM) [OBSOLETO] 10
Condición del los carretes individuales (VM) [OBSOLETO] 20130110
-- UCH01
-- 1350
590 ## - NOTA LOCAL (RLIN)
Nota local BATCH-UPD
Procedencia (VM) [OBSOLETO] 10
Condición del los carretes individuales (VM) [OBSOLETO] 20130410
-- UCH01
-- 0846
590 ## - NOTA LOCAL (RLIN)
Nota local BATCH-UPD
Procedencia (VM) [OBSOLETO] 10
Condición del los carretes individuales (VM) [OBSOLETO] 20130914
-- UCH01
-- 2006
590 ## - NOTA LOCAL (RLIN)
Nota local CONVERSION
Procedencia (VM) [OBSOLETO] 10
Condición del los carretes individuales (VM) [OBSOLETO] 20130109
-- UCH01
-- 1341
650 14 - PUNTO DE ACCESO ADICIONAL DE MATERIA--TÉRMINO DE MATERIA
Término de materia o nombre geográfico como elemento de entrada Tabaco
Subdivisión general Industria.
9 (RLIN) 111223
650 14 - PUNTO DE ACCESO ADICIONAL DE MATERIA--TÉRMINO DE MATERIA
Término de materia o nombre geográfico como elemento de entrada Tabaco
Subdivisión general Nayarit.
9 (RLIN) 111231
901 ## - ELEMENTOS DE DATOS A LOCAL LDA (RLIN)
a BK
905 ## - ELEMENTOS DE DATOS E LOCAL, LDE (RLIN)
a Lilia Sánchez G.
942 ## - ELEMENTOS DE PUNTO DE ACCESO ADICIONAL (KOHA)
Tipo de ítem Koha Tesis
949 ## - PROCESAMIENTO DE INFORMACIÓN LOCAL (OCLC)
b BC
c TES
d 850371
e TS1
h 17544
i 85037
s b
Holdings
Estado de retiro Estado de pérdida Fuente del sistema de clasificación o colocación Estado dañado Restricciones de uso No para préstamo Código de colección Localización permanente Ubicación/localización actual Ubicación en estantería Fecha de adquisición Información codificada de la localización en otra ubicación Total de préstamos Signatura topográfica completa Código de barras Fecha visto por última vez Precio válido a partir de Tipo de ítem Koha
    Clasificación Universidad Autónoma de Chapingo   Préstamo interno   Tesis Biblioteca Central Biblioteca Central Planta alta - Área de Tesis - Tesis 31/12/2019 TESIS   Tesis 850371 31/12/2019 31/12/2019 Tesis